00613nam a22001575i 450000100060000000300090000600500170001500700030003200800410003504000200007610000440009624501940014026000560033430000220039085200430041254571ES-MaACL20250824063032.0t|960722s1882 sp ||||1| spa d aCAM bspa cCAM1 aFreixa y Rabasó, Eusebio, d1824-189410aLegislación y diccionario indicador de la renta timbre del estadob: con inclusión de cuanto corresponde a correos y a las aduanas que requiere timbre / cpor Eusebio Freixa y Rabasó. aMadrid : bPublicaciones de Eusebio Freixa, c1882. a143 p. ; c21 cm. aES-MaACLjT-1268-F-3 z.- Donat. Bosch